Statistics for Countries which have not adopted the Gregorian Calendar

Click here to take the quiz!

General Stats

  • This quiz has been taken 79 times
  • The average score is 27 of 36

Answer Stats

Answer % Correct
Iran
90%
India
89%
Afghanistan
86%
Iraq
86%
Japan
84%
Pakistan
84%
Oman
84%
Saudi Arabia
83%
United Arab Emirates
81%
North Korea
81%
Yemen
81%
Egypt
81%
Israel
81%
Kuwait
79%
Libya
79%
Nepal
79%
Qatar
79%
Morocco
78%
Jordan
75%
Tunisia
75%
Algeria
75%
Bangladesh
73%
Bahrain
73%
Mauritania
73%
Thailand
71%
Bhutan
70%
Somalia
68%
Malaysia
68%
Sri Lanka
68%
Cambodia
67%
Maldives
62%
Ethiopia
62%
Taiwan
60%
Myanmar
59%
Brunei
59%
Seychelles
40%

Score Distribution

Percentile by Number Answered

Percent of People with Each Score

Your Score History

You have not taken this quiz